000 00938nam a2200301Ia 4500
001 Z_5656
003 CHAP
008 220113s2008 xx 000 0 und d
010 _a168758
040 _cCHAP
090 _aTesis C 2088
100 _aChi Caamal, Bernabé Francisco
_922207
245 _aEfectos ambientales en los corderos y efectos genéticos sobre la productividad de la oveja pelibuey /
_cBernabé Francisco Chi Caamal
260 _aChapingo, Méx. :
_bEl autor,
_c2008
300 _a54 h.
502 _aTesis (Ing. Agr. Esp. en Zootecnia) -- UACH. Departamento de Zootecnia
650 _aDestete
_932201
650 _aGanado cabrío
_xEfecto del medio ambiente
_945006
650 _aGanado cabrío
_xGenética
_945013
650 _aGanado cabrío
_xPeso
_945037
650 _aGanado pelibuey
_945326
901 _aTESIS C 2088
902 _aM
910 _a2008
942 _c2
942 _c2
999 _c168758
_d168758